00785nam a2200205 a 4500003000700000005001700007008004100024040003300065041000800098050002500106110006400131245017500195260003700370300001700407336002800424337003000452338002700482650002400509650004600533CBULib20240422080912.0220915s2021 ||||||||||||||||| || u aCBULibbEnglishcCBULiberda aeng aUNCTAD(058)DERO/2021 aUnited Nations Conference on Trade and Development (UNCTAD)10aDigital economy report 2021 : cross-border data flows and development : for whom the data flow : overviewc/ by United Nations Conference on Trade and Development(UNCTAD) aGeneva : bUnited Nations,c2021 avi, 12 pages 2rdacontentaText |btxt 2rdamediaaUnmediated |bn 2rdacarrieraVolumebnc 0aELECTRONIC COMMERCE aELECTRONIC COMMERCE--DEVELOPING COUNTRIES